000 00510nam a22001937a 4500
003 bpm
005 20260408110939.0
008 260408b |||||||| |||| 00| 0 spa d
020 _a9789996776235
024 _aS. C. C. / M. C. y E. M.:
040 _aAR-CtUCP
041 _aspa
080 _aCDU
100 _aCentro Cultural de España
245 _aChaco Ra´anga : un viaje científico y cultural al corazón de Sudamérica
650 _aInvestigación - Cultura
942 _cLIB
999 _c76620
_d76620